LEADER 00648nab a2200145 i 4500 001 000000305070 003 CaOOAMICUS 005 20180831172831.0 008 180831n it uu u0 0ita r 013 $a13099 040 $aSeMil$bita 100 1 $aCasti, Giuseppe.$0(OLS)http://semarc/name/87264 245 10$aTestimoni di Dio amante della vita :$bsussidio per animatori e comunità educativo-pastorali. - Sequenza di paginazione autonoma. 773 0 $tAmare la vita.$gp.1-16$w()264985 996 $6245$aTestimoni di Dio amante della vita :$bsussidio per animatori e comunità educativo-pastorali. - Sequenza di paginazione autonoma.$9(OLS)http://semarc/title/380764 LEADER 00692nam a2200181 i 4500 001 000000241995 003 CaOOAMICUS 005 20150525000000.0 008 150525s1836 it u000 u ita u 013 $a220900 040 $aSeMil$bita 245 10$aVol. 3. 300 $a277 p. 773 0 $aBourdaloue, Louis $tOpere complete di Bourdaloue.$dCremona : presso Luigi De Micheli, 1833-1838.$g21$w()31918 773 0 $aBourdaloue, Louis $tEsortazioni.$dCremona : presso Luigi De Micheli, 1836.$g3$w()31923 850 $aSeMil 852 $aSeMil$W1$xVenegono$y1$m3F I 423 FA$j192341$B192341$CSeMilBibl$Z2$F203161 $8I 996 $6245$aVol. 3$9(OLS)http://semarc/title/80712